| 000 | 01182nam2a22002411 4500 | ||
|---|---|---|---|
| 001 | rc\2208742 | ||
| 005 | 20250623061110.0 | ||
| 035 | _a(NLR Aleph) 006618756 | ||
| 090 |
_a7426611 _c7426611 |
||
| 100 | _a20110829d1978 |||y0rusy50 ca | ||
| 101 | 0 | _arus | |
| 102 | _aRU | ||
| 105 | _ay z ||||| | ||
| 200 | 0 | _aЧ. 4 | |
| 210 |
_d1978 _aБ. м. |
||
| 215 | _a146 с. | ||
| 333 | _aДСП | ||
| 461 | 0 |
_1001rc\2208738 _12001#$aПовышение качества электрической энергии$eТез. докл. 4 Всесоюз. совещ. по качеству электр. энергии, 19-21 сент. 1978 г., г. Винница$f[Редкол.: Либкинд М.С. ( отв. ред.) и др.]$vЧ. 4 _97426573 _cКиев _d1978 _f[Редкол.: Либкинд М.С. ( отв. ред.) и др.] _nБ. и. _oТез. докл. 4 Всесоюз. совещ. по качеству электр. энергии, 19-21 сент. 1978 г., г. Винница _tПовышение качества электрической энергии _vЧ. 4 |
|
| 801 | 0 |
_aRU _bNLR _gpsbo |
|
| 801 | 1 |
_aRU _bELAR _2rusmarc |
|
| 852 |
_aNLR _j78-50К/4131 |
||
| 942 | _cBOOK | ||
| 980 | _aNB | ||